00422nam a2200145Ia 4500008004100000041000800041082002300049100001700072245007800089260002900167300001600196365001600212700001600228710003200244230312s9999 xx 000 0 und d aeng a621.37b621.37 THE aTheraja B.L. aTextbook Of Electrical Technology Vol. IIbAC And DC Machines In SI Units c2018bS. Chand & Company a865 To 1568 cRs.b375.00 aTherajaA.K. aTheraja B.L. & Theraja A.K.